| 000 | 01440nam a22002177a 4500 | ||
|---|---|---|---|
| 999 |
_c59734 _d59734 |
||
| 003 | Ge_BSU | ||
| 005 | 20230407163633.0 | ||
| 008 | 230407s1977ge xxu||||| |||| 00| 0 geo d | ||
| 041 | _ageo | ||
| 080 | _a902.2(479.222.3) ჩ-23 | ||
| 100 |
_aჩართოლანი, შოთა. _917555 |
||
| 245 |
_aსვანეთის ბრინჯაოს ხანის არქეოლოგიური ძეგლები. _bწ. 1, კატალოგი / _cშოთა ჩართოლანი ; რედ. ო.ჯაფარიძე |
||
| 264 |
_aთბილისი : _bმეცნიერება, _c1977. |
||
| 300 |
_a63გვ. : _b20 ფ. ილ.; _c23 სმ. _e1 დაკ. ფ. რუქ. |
||
| 546 | _aშესავალი პარალ. რუს. ენ. | ||
| 653 | _aარქეოლოგიური გათხრები სვანეთში | ||
| 653 | _aსვანეთის არქეოლოგიური ძეგლები. | ||
| 700 |
_aჯაფარიძე, ო _eრედაქტორი _917556 |
||
| 710 |
_a საქართველოს სსრ მეცნიერებათა აკადემია ; ივ. ჯავახიშვილის სახელობის ისტორიის, არქეოლოგიისა და ეთნოგრაფიის ინსტიტუტი. _917557 |
||
| 942 |
_2udc _cBK |
||